| 000 | 00466nam a2200193Ia 4500 | ||
|---|---|---|---|
| 005 | 20240823022729.0 | ||
| 008 | 240823s9999||||xx |||||||||||||| ||und|| | ||
| 020 | _a81-7809-211-5 | ||
| 041 | _aENGLISH | ||
| 082 | _A658.81 P3 | ||
| 100 | _a"connor,Tim CSP" | ||
| 245 | 0 | _aSoft Sell : The New Art of Selling | |
| 250 | _a4th | ||
| 260 |
_c2003 _b"Magna,M" _aMumbai |
||
| 500 | _aYES | ||
| 650 |
_aSelling _bManagement Studies |
||
| 942 | _cBK | ||
| 999 |
_c179862 _d179862 |
||